000 00858cam a2200241 4500
008 090401t1991 xxu||||| |||| 00| 0 eng d
020 _a0947877681
035 _a(Sirsi) u70027
041 _aeng
050 _a692.8
110 _aRoyal Institute of British Architects
_92527
245 _aIFC 84 contract administration guide: JCT Intermediate Form of Building Contract, 1984 edition incorporating up to Amendment 6: 1991.
260 _aLondon
_bRIBA Publications Ltd.
_c1991
300 _a41p. ; 30cm.
350 _a9.95
490 _aArchitect`s Job Book Series
650 _aBUILT ENVIRONMENT-BUILDING CONTRACT FORMS
650 _aJCT INTERMEDIATE FORM OF BUILDING CONTRACT (1984 EDITION)
690 _aBUILT ENVIRONMENT-BUILDING CONTRACT FORMS
700 _aCox, Stanley & Hamilton, Alaine,
_xEditor
942 _n0
948 _c04/03/1997
999 _c95274
_d95274